| 000 | 00954cam a2200229 4500 | ||
|---|---|---|---|
| 001 | WB3836-15 | ||
| 008 | 021001n2002 000 0 eng u | ||
| 035 | _a(Sirsi) u119942 | ||
| 245 | _aCBI vote of no confidence on regions | ||
| 260 | _c2002 | ||
| 490 |
_aCBI News Release _v 30 September 2002, (4) |
||
| 520 | _aThe CBI has warned government that its members have given 'a vote of no confidence' on government plans to develop the English regions. A CBI report says that the new assemblies will take power from councils; it also praises the role of counties in local government. | ||
| 590 | _aWB | ||
| 650 | _aREGIONAL ASSEMBLIES | ||
| 650 | _aGOVERNMENT POLICIES | ||
| 650 | _aCOUNTIES | ||
| 650 | _aREGIONAL DEVELOPMENT AGENCIES | ||
| 650 | _aLOCAL COUNCILS | ||
| 690 | _aLOCAL GOVERNMENT | ||
| 856 | _ahttp://www.cbi.org.uk/ndbs/press.nsf/0363c1f07c6ca12a8025671c00381cc7/4bec5a257a26b24680256c3200494c6e?OpenDocument | ||
| 942 | _n0 | ||
| 999 |
_c71263 _d71263 |
||